Available copies
- 0 of 1 copy available at LARL/NWRL Consortium.
- 0 of 1 copy available at Lake Agassiz Regional Library. (Show preferred library)
Current holds
1 current hold with 1 total copy.
Show Only Available Copies
| Location | Call Number / Copy Notes | Barcode | Shelving Location | Status | Due Date |
|---|---|---|---|---|---|
| LARL Cataloging | LARL160476 (Text) | LARL160476 | New | On order | - |
Record details
- ISBN: 9781982135164
- ISBN: 1982135166
- Publisher: Avid Reader Press / Simon & Schuster 2025
| LDR | 00502nam a22001695a 4500 | ||
|---|---|---|---|
| 001 | 489973 | ||
| 003 | LARL_NWRL_CONSORTIUM | ||
| 008 | 260611s2025 |||| ||| |||||||||||| | ||
| 010 | . | ‡a 2025942604 | |
| 020 | . | ‡a9781982135164 ‡c$32.00 | |
| 020 | . | ‡a1982135166 ‡c$32.00 | |
| 082 | 0 | 0. | ‡aB |
| 100 | 1 | . | ‡aOrlean, Susan ‡0(LARL_NWRL_CONSORTIUM)7420 |
| 245 | 1 | 0. | ‡aJoyride: A Memoir |
| 260 | . | ‡bAvid Reader Press / Simon & Schuster ‡c2025 | |
| 263 | . | ‡a10/14/2025 ‡b2025-10-14 | |
| 264 | . | ‡bAvid Reader Press / Simon & Schuster ‡c2025 | |
| 961 | . | ‡aZRO_L_CATALOGING ‡b1 ‡cNew ‡fpm ‡iBook ‡p32.00 | |
| 962 | . | ‡aANF 6-11-26 | |
| 905 | . | ‡uvanderl | |
| 901 | . | ‡a489973 ‡bAUTOGEN ‡c489973 ‡tbiblio ‡sIngram On-Order | |

Add to basket
Permalink
Enable Highlighting